LEADER 00822nam a2200241 i 4500 001 991001090799707536 005 20020502183436.0 008 990216s1990 it ||| | ita 020 $a8806117467 035 $ab11462322-39ule_inst 035 $aPRUMB54749$9ExL 040 $aDip. SSSC$bita 100 0 $aAristophanes$0602827 245 10$aDonne all'assemblea /$cAristofane ; a cura di Raffaele Cantarella 260 $aTorino :$bEinaudi,$cc1990 300 $a50 p. ;$c18 cm. 700 1 $aCantarella, Raffaele 907 $a.b11462322$b08-07-16$c01-07-02 912 $a991001090799707536 945 $aLE021 NABISD6$g1$i2021000030000$lle021$o-$pE0.00$q-$rl$s- $t0$u1$v0$w1$x0$y.i11650485$z01-07-02 996 $aDonne all'assemblea$92964592 997 $aUNISALENTO 998 $ale021$b01-01-99$cm$da $e-$fita$git $h0$i1